00835pam a2200241 a 4500001000500000005001700005020001800022040002300040050001500063082001100078100003700089245008100126250003500207260004000242300004700282490001900329505000800348520013400356521002000490521002000510650003100530700003200561335620240229104333.0 a9780816727186 aDLCcDLCdDLCbeng00aDT61.D327400a932.011 aDavid, A. Rosalieq(Ann Rosalie)10aGrowing up in ancient Egypt /cRosalie David ; illustrated by Angus McBride. aThis edition published in 2003 a Mahwah : bTroll Associates,c1994 a32 pages : bcolor illustrated ;c24 cm .  a Growing Up In aZ  aDescribes daily life in ancient Egypt, discussing life in the city, life in the country, pets and toys, meals, and other aspects. a930 bLexile  aZ bRaz-Plus  aAncient EgyptvNon-fiction1 aMcBride, Anguseillstrator